| 000 | 01070cab a2200217 4500 | ||
|---|---|---|---|
| 001 | X86184 | ||
| 008 | 090401t1997 xxu||||| |||| 00| 0 eng d | ||
| 035 | _a(Sirsi) u80598 | ||
| 041 | _aeng | ||
| 245 | _aCherwell DC and Roberts | ||
| 260 | _c1997 | ||
| 350 | _a0 | ||
| 490 |
_aPlanning Appeal Decisions _v[1997] 12 PAD 319-323(5) |
||
| 520 | _aInquiry 8 January 1997. Earth sheltered dwelling-accommodation for worker in fish keeping and breeding business-whether need overrode presumption against such development in the countryside-structure and local plans-Annex E to PPG7-functional test-earlier planning permissions-need for attention to, and security of, ponds-alternative place for security base-protection of livestock from theft or injury not in itself sufficient to justify a dwelling-financial test and projections for future needs-precedent. Headnote from journal. | ||
| 650 | _aEARTH SHELTERED BUILDING | ||
| 650 | _aPLANNING PERMISSION | ||
| 650 | _aPPG7 | ||
| 690 | _aPLANNING LAW AND PRACTICE-CASE LAW | ||
| 942 | _n0 | ||
| 948 | _c01/09/1997 | ||
| 999 |
_c50733 _d50733 |
||